000
00444nam a2200145Ia 4500
008
090124s9999 xx 000 0 und d
082
_b
204327
245
_a
उठो वतन के वास्ते
250
_a
1
260
_b
मेगलानी े एच. जे.
_c
1997
300
_a
87
630
_a
उठो वतन के वास्ते
730
_a
उठो वतन के वास्ते
942
_c
BOOK
999
_c
185908
_d
185908